00533nam a22001577a 4500020000800000040001600008082001600024100002700040245008500067250002400152260003200176300003800208942001200246999001900258952009800277 qPB. cFizza Ishaq a378.17bBIS aBishop, Joyce.9134044 aKeys to Effective Learning: Study Skills and Habits for Success /cJoyce Bishop. a5th Custom Edition. aNew York :bPearson,c2011. a378 p, ;c0.7 x 8.5 x 10.8 inches 2ddccBK c616971d616971 00102ddc4070aNQCbNQCcGENd2026-04-13l0o378.17 BISpQD-609r2026-04-13w2026-04-13yBK